Library Banner

Morphing (Record no. 72939)

MARC details
000 -LEADER
fixed length control field 00494nam a2200181Ia 4500
001 - CONTROL NUMBER
control field 67571
008 - FIXED-LENGTH DATA ELEMENTS--GENERAL INFORMATION
fixed length control field 150604s9999 xx 000 0 und d
020 ## - INTERNATIONAL STANDARD BOOK NUMBER
International Standard Book Number 9781780674131
040 ## - CATALOGING SOURCE
Transcribing agency PK-LaUMT
082 ## - DEWEY DECIMAL CLASSIFICATION NUMBER
Classification number 712
Item number CHO-M
100 ## - MAIN ENTRY--PERSONAL NAME
Personal name Choma, Joseph
245 ## - TITLE STATEMENT
Title Morphing
Remainder of title a guide to mathematical transformations for architects and designers
Statement of responsibility, etc Choma, Joseph
260 ## - PUBLICATION, DISTRIBUTION, ETC. (IMPRINT)
Place of publication, distribution, etc London,UK:
Name of publisher, distributor, etc Laurence King Published,
Date of publication, distribution, etc 2015
300 ## - PHYSICAL DESCRIPTION
Extent 231 p.
546 ## - LANGUAGE NOTE
Language note EN
650 ## - SUBJECT ADDED ENTRY--TOPICAL TERM
Topical term or geographic name as entry element Morphing
942 ## - ADDED ENTRY ELEMENTS (KOHA)
Koha item type Books
Holdings
Withdrawn status Lost status Damaged status Not for loan Home library Current library Date acquired Total Checkouts Full call number Barcode Date last seen Date checked out Price effective from Koha item type
        UMT Main Campus UMT Main Campus 2015-06-03 1 712 CHO-M 92005 2020-09-21 2020-03-06 2015-06-05 Books